|
|
|
|
| LEADER |
00000nam2a2200000 4500 |
| 001 |
225123 |
| 005 |
20231101230636.0 |
| 010 |
|
|
|a 5901244036
|
| 035 |
|
|
|a (RuTPU)RU\TPU\book\245456
|
| 090 |
|
|
|a 225123
|
| 100 |
|
|
|a 20121106d2002 k y0rusy50 ca
|
| 101 |
0 |
|
|a rus
|
| 102 |
|
|
|a RU
|
| 105 |
|
|
|a a z 001zy
|
| 200 |
0 |
|
|a Вып. 3: Прогноз и поиски
|
| 210 |
|
|
|d 2002
|
| 215 |
|
|
|a 635 с.
|c ил.
|
| 320 |
|
|
|a Библиография в конце статей
|
| 330 |
|
|
|a ИМГРЭ издает серию тематических сборников «Прикладная геохимия», в которых освещаются достижения в различных направлениях геохимических исследований: геохимическое картирование, экологическая геохимия, прогнозно-поисковая геохимия, аналитические методы, геохимические прогнозно-поисковые полигоны, методы компьютерной обработки геохимической информации, геохимия шельфа, радиогеохимия. Третий выпуск: прогноз и поиски.
|
| 461 |
|
1 |
|0 (RuTPU)RU\TPU\book\251797
|t Прикладная геохимия
|o сборник статей
|f Российская академия наук (РАН), Институт минералогии, геохимии и кристаллохимии редких элементов (ИМГРЭ); под ред. Э. К. Буренкова; А. А. Кременецкого
|v Вып. 3: Прогноз и поиски
|d 2000-
|
| 606 |
1 |
|
|a Геохимия прикладная
|2 stltpush
|3 (RuTPU)RU\TPU\subj\6303
|9 34226
|
| 610 |
1 |
|
|a поиски
|
| 610 |
1 |
|
|a разведка
|
| 610 |
1 |
|
|a прогнозирование
|
| 610 |
1 |
|
|a рудные месторождения
|
| 610 |
1 |
|
|a геохимическая разведка
|
| 610 |
1 |
|
|a поисковая геохимия
|
| 610 |
1 |
|
|a геохимические методы
|
| 675 |
|
|
|a 550.84
|v 3
|
| 801 |
|
1 |
|a RU
|b 63413507
|c 20121106
|
| 801 |
|
2 |
|a RU
|b 63413507
|c 20210824
|g RCR
|
| 942 |
|
|
|c BK
|
| 959 |
|
|
|a 146/20121106
|d 1
|e 0
|f ЧЗТЛ:1
|